Pokemony typu... #6 - Statystyki

Ogólne statystyki
  • Ten quiz został rozwiązany 82 razy
    72 od ostatniego zresetowania
  • Średni wynik to 26 z 75
Statystyki odpowiedzi
Pokemon % Poprawnych
Cosplayowa Pikachu
98%
Gigantamax Pikachu
98%
Partnerski Pikachu
98%
Pikachu
98%
Pikachu z czapką
98%
Alolański Raichu
86%
Raichu
86%
Pichu
71%
Szpiczastousza Pichu
71%
Electabuzz
64%
Magneton
64%
Voltorb
64%
Zapdos
64%
Magnemite
62%
Electrode
59%
Elekid
59%
Jolteon
50%
Mareep
45%
Electrike
43%
Ampharos
40%
Electivire
40%
Mega Ampharos
40%
Raikou
40%
Luxray
36%
Shinx
36%
Flaaffy
34%
Luxio
33%
Plusle
33%
Chinchou
31%
Emolga
31%
Lanturn
31%
Manectric
31%
Mega Manectric
31%
Minun
29%
Zekrom
29%
Golem
28%
Pachirisu
28%
Zebstrika
26%
Dedenne
24%
Rotom
24%
Rotom Ciepła
24%
Rotom Kosiarki
24%
Rotom Mrozu
24%
Rotom Mycia
24%
Rotom Wiatraka
24%
Geodude
22%
Graveler
21%
Joltik
21%
Tynamo
21%
Galvantula
19%
Heliolisk
19%
Togedemaru
19%
Stunfisk
17%
Tapu Koko
17%
Vikavolt
17%
Blitzle
16%
Regieleki
16%
Thundurus (Forma Inkarnacji)
16%
Thundurus (Forma Theriańska)
16%
Zeraora
16%
Charjabug
14%
Eelektross
14%
Yamper
14%
Eelektrik
12%
Helioptile
12%
Boltund
10%
Oricorio (Styl Pom-Pom)
9%
Arctozolt
7%
Dracozolt
7%
Gigantamax Toxtricity
7%
Morpeko
7%
Toxel
7%
Toxtricity
7%
Xurkitree
7%
Pincurchin
5%
Nie znaleziono quizów pasujących do podanych kryteriów
Rozkład punktacji
Procent ludzi z każdym wynikiem
Percentyl według liczby udzielonych odpowiedzi
Twoja historia wyników
Nie rozwiązałeś tego quizu od ostatniego zresetowania